000 00271nam a22001337a 4500
020 _a978-93-5316-628-1
041 _aENG
100 _aS.S Rattan
245 _aTheory of Machines
260 _aDilhi
_bMC Graw Hill
_c2022
300 _a862
650 _aFMP
856 _uFMP
999 _c3217
_d3217